Normal view MARC view
  • Castiñeira, Sebastián Daniel

Entry Nombre Personal

Number of records used in: 1

001 - NUMERO DE CONTROL

  • campo de control: 49880

003 - IDENTIFICADOR DE NUMERO DE CONTROL

  • campo de control: UPN

005 - FECHA Y HORA DE LA ÜLTIMA TRANSACCIÓN

  • campo de control: 20230905110344.0

008 - DATOS DE LONGITUD FIJA

  • campo de control de longitud fija: 230905|| acn||aabn | a|a d

040 ## - FUENTE DE CATALOGACIÓN

  • Agencia original de catalogación: MX-MxUPN

100 ## - ENCABEZAMIENTO - NOMBRE PERSONAL

  • Nombre personal: Castiñeira, Sebastián Daniel

370 ## - LUGAR ASOCIADO

  • Associated country: Argentina

371 ## - DIRECCIÓN

  • Electronic mail address: secinv@artes.unam.edu.ar
  • Electronic mail address: scastineira@untref.edu.ar

372 ## - CAMPO DE ACTIVIDAD

  • Field of activity: Filosofía intercultural. Don y reciprocidad. Interculturalidad
  • Field of activity: Filosofía, historia, lenguaje, antropología y sociología.

373 ## - GRUPO ASOCIADO

  • Associated group: Universidad Nacional de Misiones. Facultad de Arte y Diseño.
  • Associated group: CONICET

374 ## - OCUPACIÓN

  • Occupation: Profesor - investigador universitario

670 ## - FUENTE EN LA QUE SE LOCALIZARON DATOS

  • Cita de la fuente: En su CV en línea.
  • Información localizada: (Castiñeira, Sebastián Daniel)
  • Uniform Resource Identifier: https://unam-ar.academia.edu/Sebasti%C3%A1nCasti%C3%B1eira/CurriculumVitae

902 ## - CATALOGADOR

  • Catalogador: BLSM/050923